000 01132nam0a2200265 4500
001 RU\NLR\BIBL_A\022443346
005 20250806205108.0
035 _a(NLR Aleph) 022443346
090 _a73984
_c73984
100 _a20250203d1944 d y0rusy50 ca
101 0 _akaz
102 _aKZ
105 _aac z 000 y
181 0 _ai
_baxxe
182 0 _an
200 1 _aХимия
_eорталау мектептіӊ 7-класына арналған оқу қӯралы
_fВ. Н. Верховский, Герцен атындағы педагогика институтыныӊ профессоры
203 _aТекст
_bвизуальный
_cнепосредственный
210 _aАлматы
_cҚазақбірікмембас.
_d1944
215 _a128 с.
_cил., портр.
_d21
541 1 _aХимия
_eучебник для 7-го кл. непол. сред. шк.
_zrus
700 1 _aВерховский
_bВ. Н.
_f1873-1947
_gВадим Никандрович
_3RU\NLR\AUTH\770278373
_4070
942 _cBOOK
945 _aРоссийская национальная библиотека
980 _aBV